[Event "TUR-chT2"]
[Site "Konya"]
[Date "2014.06.26"]
[Round "6.8"]
[White "Kalyoncu, Efe"]
[Black "Alaca, Ali"]
[Result "1-0"]
[WhiteElo "1761"]
[BlackElo "1959"]
[PlyCount "87"]
[EventDate "2014.06.23"]
[EventType "team-swiss"]
[EventRounds "9"]
[EventCountry "TUR"]
[SourceTitle "CBM 161 Extra"]
[Source "ChessBase"]
[SourceDate "2014.08.29"]
[SourceVersion "1"]
[SourceVersionDate "2014.08.29"]
[SourceQuality "1"]
[WhiteTeam "Gokce"]
[BlackTeam "Ataturk Univ"]
[WhiteTeamCountry "TUR"]
[BlackTeamCountry "TUR"]

1. d4 Nf6 2. Bf4 d5 3. e3 c5 4. c3 Qb6 5. Qb3 c4 6. Qc2 Nc6 7. Nd2 g6 8. Be2 Bf5 9. Qc1 Bg7 10. Ngf3 0-0 11. Bd1 Rfe8 12. Bc2 Bxc2 13. Qxc2 Nh5 14. Bg3 Qd8 15. 0-0 Nxg3 16. hxg3 b5 17. Rad1 Rb8 18. e4 e6 19. e5 Qb6 20. g4 b4 21. g5 Rb7 22. Rb1 Reb8 23. g3 Na5 24. Kg2 b3 25. axb3 Nxb3 26. Rh1 Qa5 27. Nh2 Nxd2 28. Qxd2 Qa2 29. Qf4 Qb3 30. Ng4 Qc2 31. Ne3 Qa4 32. Ra1 Qd7 33. Qh4 h5 34. gxh6 Bf8 35. Qf6 Kh7 36. Ng4 Rxb2 37. Qf4 Qc7 38. Nf6+ Kh8 39. Ng4 Rc2 40. Qf6+ Kh7 41. Nh2 Qe7 42. Rxa7 Qxf6 43. exf6 g5 44. Ng4 1-0

[Event "Istanbul op-A 12th"]
[Site "Istanbul"]
[Date "2013.10.15"]
[Round "5"]
[White "Kalyoncu, Efe"]
[Black "Vospernik, Andrej"]
[Result "1-0"]
[WhiteElo "1780"]
[BlackElo "2099"]
[PlyCount "93"]
[EventDate "2013.10.12"]
[EventType "swiss"]
[EventRounds "9"]
[EventCountry "TUR"]
[SourceTitle "EXT 2014"]
[Source "ChessBase"]
[SourceDate "2013.11.20"]
[SourceVersion "1"]
[SourceVersionDate "2013.11.20"]
[SourceQuality "1"]

1. d4 Nf6 2. Bf4 d6 3. e3 Nbd7 4. Nf3 g6 5. Be2 Bg7 6. 0-0 Nh5 7. Bg5 h6 8. Bh4 g5 9. Nfd2 Nhf6 10. Bg3 h5 11. h4 g4 12. c3 e5 13. a4 Qe7 14. Na3 c6 15. Nac4 b6 16. b4 Bb7 17. Qc2 Rd8 18. Rfe1 a6 19. dxe5 dxe5 20. e4 b5 21. Ne3 0-0 22. Nf5 Qe6 23. Nf1 c5 24. f3 gxf3 25. gxf3 Nb6 26. axb5 axb5 27. Bxb5 cxb4 28. cxb4 Kh7 29. Ra7 Rb8 30. Qc7 Nbd5 31. Nxg7 Kxg7 32. exd5 Qxd5 33. Be2 Ng4 34. Qc5 Kg6 35. Qxd5 Bxd5 36. fxg4 Rxb4 37. gxh5+ Kh6 38. Ra6+ Kh7 39. Bxe5 Rxh4 40. Bd3+ f5 41. Ra7+ Rf7 42. Rxf7+ Bxf7 43. Bxf5+ Kh6 44. Ng3 Bxh5 45. Nxh5 Kxh5 46. Re4 Rxe4 47. Bxe4 1-0